[Event "Krefeld Easter op"]
[Site "Krefeld"]
[Date "2025.04.19"]
[Round "5"]
[White "Schicktanz, Florian"]
[Black "Spickermann, Sven"]
[Result "0-1"]
[WhiteElo "1777"]
[BlackElo "1934"]
[PlyCount "156"]
[EventDate "2025.04.17"]
[EventType "swiss"]
[EventRounds "9"]
[EventCountry "GER"]
[SourceTitle "CB17_2025"]
[SourceDate "2025.04.23"]
[SourceVersion "1"]
[SourceVersionDate "2025.04.23"]
[SourceQuality "1"]

1. c4 e6 2. Nc3 d5 3. cxd5 exd5 4. d4 Nf6 5. Nf3 c6 6. g3 Bb4 7. Bd2 0-0 8. Bg2 h6 9. 0-0 Bf5 10. Ne5 Bxc3 11. Bxc3 Ne4 12. Qb3 Qc7 13. Bb4 Re8 14. f3 Ng5 15. Rac1 Qb6 16. e3 f6 17. Ng4 Bxg4 18. fxg4 Na6 19. h4 Qxb4 20. hxg5 Qxb3 21. axb3 hxg5 22. Rc3 Re7 23. Kf2 Nc7 24. Ra1 a6 25. Bf3 Ne8 26. Re1 Nd6 27. Rh1 Rae8 28. Rd3 Kf7 29. Rh7 Ne4+ 30. Bxe4 Rxe4 31. Kf3 R4e7 32. Rh2 Ke6 33. Rh7 Kd6 34. Rh2 a5 35. Rh1 b6 36. Rc1 Rc7 37. Rcd1 c5 38. dxc5+ Rxc5 39. Rh1 Ke5 40. Rh7 Rc7 41. Rh2 Rec8 42. Rhd2 Rc5 43. Rd4 Rb5 44. R4d3 Rc1 45. Rh2 Rbc5 46. Rhd2 Ra1 47. Rd4 Rf1+ 48. Ke2 Rh1 49. Kf3 Rb5 50. R4d3 g6 51. Rc2 Rc5 52. Re2 Rcc1 53. Red2 Rc5 54. Re2 f5 55. Red2 Kd6 56. Kg2 Rb1 57. Kf3 b5 58. Rd4 b4 59. R4d3 Ra1 60. Rh2 Ke5 61. Rhd2 Ke6 62. Rd4 Ke5 63. R4d3 a4 64. bxa4 Rxa4 65. Rb3 Rc4 66. gxf5 gxf5 67. Rbd3 Ra5 68. Rb3 g4+ 69. Ke2 Rb5 70. Kd3 Rc1 71. Ke2 Rh1 72. Rd4 Rh2+ 73. Kd3 Rg2 74. Rdxb4 Rc5 75. Rb8 Rcc2 76. Re8+ Kd6 77. e4 fxe4+ 78. Kd4 Rc4+ 0-1

[Event "Krefeld Easter op"]
[Site "Krefeld"]
[Date "2025.04.19"]
[Round "4"]
[White "Spickermann, Sven"]
[Black "Nathe, Nico"]
[Result "1/2-1/2"]
[WhiteElo "1934"]
[BlackElo "1779"]
[PlyCount "57"]
[EventDate "2025.04.17"]
[EventType "swiss"]
[EventRounds "9"]
[EventCountry "GER"]
[SourceTitle "CB17_2025"]
[SourceDate "2025.04.23"]
[SourceVersion "1"]
[SourceVersionDate "2025.04.23"]
[SourceQuality "1"]

1. e4 c5 2. Nf3 Nc6 3. d4 cxd4 4. Nxd4 g6 5. c4 Bg7 6. Be3 Nf6 7. Nc3 d6 8. f3 0-0 9. Qd2 Re8 10. Be2 Bd7 11. 0-0 Rc8 12. Rac1 a6 13. Nd5 e6 14. Nxc6 Bxc6 15. Nc3 Qe7 16. Rfd1 d5 17. e5 Nd7 18. cxd5 exd5 19. f4 Rcd8 20. Bf3 d4 21. Bxd4 Bxf3 22. gxf3 Nxe5 23. fxe5 Bxe5 24. Ne2 Qh4 25. f4 Qg4+ 26. Kf1 Qf3+ 27. Kg1 Qg4+ 28. Kf1 Qf3+ 29. Kg1 1/2-1/2

[Event "Dortmund Sparkassen op-A 51st"]
[Site "Dortmund"]
[Date "2024.08.16"]
[Round "7"]
[White "Spickermann, Sven"]
[Black "Stoll, Lucia"]
[Result "1-0"]
[WhiteElo "1920"]
[BlackElo "1984"]
[PlyCount "119"]
[EventDate "2024.08.10"]
[EventType "swiss"]
[EventRounds "9"]
[EventCountry "GER"]
[SourceTitle "CBM 221 Extra"]
[Source "ChessBase"]
[SourceDate "2024.09.30"]
[SourceVersion "1"]
[SourceVersionDate "2024.09.30"]
[SourceQuality "1"]

1. e4 c5 2. Nf3 d6 3. d4 cxd4 4. Nxd4 Nf6 5. Nc3 a6 6. Be2 e5 7. Nb3 Be7 8. 0-0 b5 9. a3 0-0 10. Be3 Be6 11. f4 exf4 12. Bxf4 Nc6 13. Nd4 Ne5 14. Kh1 Qc7 15. Nf5 Rfd8 16. Nxe7+ Qxe7 17. Bg5 Ned7 18. Qd4 Rac8 19. Qa7 Ra8 20. Qc7 Kf8 21. Rad1 h6 22. Bxf6 Nxf6 23. Qxe7+ Kxe7 24. Nd5+ Bxd5 25. exd5 Rac8 26. c3 Rc5 27. Bf3 Nd7 28. Rd4 Ne5 29. Be2 Rb8 30. Kg1 a5 31. Rf2 g6 32. Bf1 h5 33. h3 Kf8 34. Rfd2 Kg7 35. Kf2 Rc7 36. a4 Nc4 37. Rc2 Rc5 38. axb5 Nb6 39. c4 Rbc8 40. Bd3 Kf6 41. b3 a4 42. bxa4 Nxa4 43. Rf4+ Ke7 44. Re2+ Kf8 45. Bxg6 R8c7 46. Bd3 Nc3 47. Re1 Ra7 48. Rf6 Ra2+ 49. Kg1 Rd2 50. Bf1 Rd1 51. Rxd1 Nxd1 52. Rxd6 Ne3 53. Rc6 Rxc6 54. dxc6 Ke7 55. Kf2 Nf5 56. Bd3 Nd4 57. Ke3 Ne6 58. b6 Kd8 59. c7+ Kc8 60. Bf5 1-0

[Event "Dortmund Sparkassen op-A 51st"]
[Site "Dortmund"]
[Date "2024.08.15"]
[Round "6"]
[White "Scholz, Benedict"]
[Black "Spickermann, Sven"]
[Result "1/2-1/2"]
[WhiteElo "1990"]
[BlackElo "1920"]
[PlyCount "92"]
[EventDate "2024.08.10"]
[EventType "swiss"]
[EventRounds "9"]
[EventCountry "GER"]
[SourceTitle "CBM 221 Extra"]
[Source "ChessBase"]
[SourceDate "2024.09.30"]
[SourceVersion "1"]
[SourceVersionDate "2024.09.30"]
[SourceQuality "1"]

1. e4 e5 2. Nf3 Nc6 3. Bc4 Bc5 4. c3 Nf6 5. d3 0-0 6. 0-0 d6 7. Nbd2 Bb6 8. Re1 Ne7 9. Nf1 Ng6 10. Ng3 c6 11. h3 d5 12. exd5 Nxd5 13. d4 Re8 14. dxe5 Ngf4 15. Ne4 Bc7 16. Nc5 Qe7 17. Nd3 Nxd3 18. Qxd3 Be6 19. Bg5 Qf8 20. Rad1 h6 21. Bh4 Bd8 22. Bg3 Bc7 23. Nd4 Rad8 24. Bb3 Qc5 25. Bc2 g6 26. Qe4 Kg7 27. Kf1 Qf8 28. f4 Ne7 29. Nxe6+ fxe6 30. Bh4 Rxd1 31. Rxd1 Nf5 32. Rd7+ Kg8 33. Bf2 Bb6 34. Qf3 Re7 35. Rxe7 Qxe7 36. Bxb6 axb6 37. g4 Nh4 38. Qf2 b5 39. Bb3 c5 40. Bxe6+ Qxe6 41. Qxh4 Qd5 42. Kg1 Qd1+ 43. Kg2 Qd5+ 44. Kf1 Qd3+ 45. Kf2 Qd2+ 46. Kf3 Qd3+ 1/2-1/2

[Event "Dortmund Sparkassen op-A 51st"]
[Site "Dortmund"]
[Date "2024.08.11"]
[Round "2"]
[White "Spickermann, Sven"]
[Black "Stevens, Titus"]
[Result "0-1"]
[WhiteElo "1920"]
[BlackElo "2005"]
[PlyCount "78"]
[EventDate "2024.08.10"]
[EventType "swiss"]
[EventRounds "9"]
[EventCountry "GER"]
[SourceTitle "CBM 221 Extra"]
[Source "ChessBase"]
[SourceDate "2024.09.30"]
[SourceVersion "1"]
[SourceVersionDate "2024.09.30"]
[SourceQuality "1"]

1. e4 c5 2. Nf3 d6 3. d4 cxd4 4. Nxd4 Nf6 5. Nc3 Nc6 6. Bg5 e6 7. Qd2 a6 8. 0-0-0 Be7 9. f4 Bd7 10. Be2 Qa5 11. Nb3 Qc7 12. Bxf6 gxf6 13. Bf3 0-0-0 14. Rhe1 Kb8 15. Kb1 Na5 16. Nxa5 Qxa5 17. Qe3 Qc5 18. Qxc5 dxc5 19. e5 Kc7 20. Ne4 f5 21. Nd2 h5 22. g3 b5 23. c4 h4 24. g4 fxg4 25. Bxg4 h3 26. Re3 Rh4 27. Bxh3 Bc6 28. Kc2 Rxf4 29. Rf1 Bg5 30. Rxf4 Bxf4 31. Re2 Rh8 32. Rf2 Bxd2 33. Rxf7+ Kb6 34. Bxe6 Rxh2 35. cxb5 axb5 36. Kd3 Bc1 37. Bg4 Rd2+ 38. Kc3 b4+ 39. Kb3 Bd5+ 0-1

[Event "Dortmund Sparkassen op 47th"]
[Site "Dortmund"]
[Date "2019.07.13"]
[Round "1"]
[White "Spickermann, Sven"]
[Black "Luft, Dennis"]
[Result "0-1"]
[WhiteElo "2008"]
[BlackElo "2294"]
[PlyCount "84"]
[EventDate "2019.07.13"]
[EventType "swiss"]
[EventRounds "9"]
[EventCountry "GER"]
[SourceTitle "EXT 2020"]
[Source "ChessBase"]
[SourceDate "2019.10.17"]
[SourceVersion "1"]
[SourceVersionDate "2019.10.17"]
[SourceQuality "1"]

1. e4 e5 2. Nf3 Nc6 3. Bc4 Bc5 4. c3 Nf6 5. d3 d6 6. 0-0 a6 7. a4 Ba7 8. Na3 Be6 9. Bxe6 fxe6 10. Nc4 0-0 11. Be3 Bxe3 12. fxe3 Qe8 13. Qe1 Qh5 14. h3 d5 15. exd5 exd5 16. Ncd2 Rad8 17. d4 e4 18. Nh4 Qg5 19. Rf5 Qh6 20. Qg3 Nh5 21. Qg5 Qxg5 22. Rxg5 g6 23. Rf1 Rxf1+ 24. Nxf1 Ne7 25. Ng3 Ng7 26. Ne2 h6 27. Rxg6 Nxg6 28. Nxg6 Ne6 29. Nef4 Nxf4 30. exf4 a5 31. g4 Rd6 32. f5 Rb6 33. Ne7+ Kf7 34. Nxd5 Rxb2 35. Nxc7 Ra2 36. d5 Rxa4 37. d6 Ra2 38. Nd5 Rd2 39. c4 a4 40. d7 Rxd5 41. cxd5 Ke7 42. f6+ Kxd7 0-1

[Event "Dortmund Sparkassen op-B"]
[Site "Dortmund"]
[Date "2015.06.27"]
[Round "1"]
[White "Spickermann, Sven"]
[Black "Gromov, Alexander"]
[Result "0-1"]
[WhiteElo "1865"]
[BlackElo "1613"]
[PlyCount "126"]
[EventDate "2015.06.27"]
[EventType "swiss"]
[EventRounds "9"]
[EventCountry "GER"]
[SourceTitle "CBM 167 Extra"]
[Source "ChessBase"]
[SourceDate "2015.09.14"]
[SourceVersion "1"]
[SourceVersionDate "2015.09.14"]
[SourceQuality "1"]

1. e4 e6 2. d4 d5 3. Nc3 Bb4 4. e5 c5 5. a3 Bxc3+ 6. bxc3 Qa5 7. Bd2 Nc6 8. Qg4 g6 9. Nf3 Nh6 10. Qf4 Nf5 11. g4 Ng7 12. c4 Qb6 13. Qf6 Rg8 14. Bh6 Qa5+ 15. Kd1 Qc3 16. Rb1 Nf5 17. Rb3 Qa1+ 18. Bc1 Nfxd4 19. Re3 Nxf3 20. cxd5 Qd4+ 21. Rd3 Qxe5 22. Qxf3 Nd4 23. Qe3 Qxe3 24. Rxe3 b6 25. Bg2 Bb7 26. Rg1 Kf8 27. c3 Nb3 28. dxe6 Bxg2 29. exf7 Kxf7 30. Rxg2 Rad8+ 31. Kc2 Nxc1 32. Kxc1 Rge8 33. Rxe8 Rxe8 34. Kd2 Re4 35. Rg1 Ra4 36. h3 Rxa3 37. f4 Kf6 38. f5 gxf5 39. Rf1 Ra2+ 40. Kd3 Rh2 41. Rxf5+ Kg6 42. Rh5 a5 43. Kc4 a4 44. Rd5 Rb2 45. Rd7 a3 46. Ra7 a2 47. h4 h6 48. Kd5 Kf6 49. Kc4 Ke5 50. Kd3 Kf4 51. g5 hxg5 52. hxg5 Kxg5 53. c4 Kf6 54. Kc3 Rg2 55. Ra6 Ke5 56. Ra8 Ke4 57. Kb3 Re2 58. Re8+ Kf3 59. Rf8+ Kg2 60. Rg8+ Kf1 61. Rf8+ Ke1 62. Rh8 Kd1 63. Rd8+ Kc1 0-1

[Event "Duesseldorf Nord Cup 9th GrF"]
[Site "Duesseldorf"]
[Date "2009.08.16"]
[Round "4.3"]
[White "Wiesebach, Wolfgang"]
[Black "Spickermann, Sven"]
[Result "1-0"]
[WhiteElo "1852"]
[BlackElo "1808"]
[PlyCount "77"]
[EventDate "2009.08.14"]
[EventType "tourn"]
[EventRounds "5"]
[EventCountry "GER"]
[SourceTitle "EXT 2017"]
[Source "ChessBase"]
[SourceDate "2016.10.25"]
[SourceVersion "1"]
[SourceVersionDate "2016.10.25"]
[SourceQuality "1"]

1. d4 d5 2. Bf4 e6 3. e3 Bd6 4. Bg3 c5 5. c3 cxd4 6. exd4 Nf6 7. Nd2 Nc6 8. Ngf3 Bxg3 9. hxg3 Qe7 10. Bd3 e5 11. dxe5 Nxe5 12. Nxe5 Qxe5+ 13. Qe2 Qxe2+ 14. Kxe2 0-0 15. f3 Re8+ 16. Kf2 Bd7 17. Nb3 b6 18. Nd4 Re5 19. Rae1 Rae8 20. Rxe5 Rxe5 21. a3 Kf8 22. Rd1 Ke7 23. g4 Kd6 24. Bf5 g5 25. Bxd7 Kxd7 26. Rh1 h5 27. gxh5 g4 28. h6 Re8 29. h7 Rh8 30. Rh6 Ke7 31. Nc6+ Ke6 32. Nxa7 gxf3 33. gxf3 Rxh7 34. Rxh7 Nxh7 35. Nc8 Kd7 36. Nxb6+ Kc6 37. Na4 Kb5 38. b3 Ng5 39. Nb2 1-0

[Event "Duesseldorf Nord Cup 7th GrB"]
[Site "Duesseldorf"]
[Date "2007.08.11"]
[Round "3"]
[White "De Leroy, Babs"]
[Black "Spickermann, Sven"]
[Result "1-0"]
[WhiteElo "1729"]
[BlackElo "1711"]
[PlyCount "65"]
[EventDate "2007.08.10"]
[EventType "tourn"]
[EventRounds "5"]
[EventCountry "GER"]
[SourceTitle "EXT 2017"]
[Source "ChessBase"]
[SourceDate "2016.10.25"]
[SourceVersion "1"]
[SourceVersionDate "2016.10.25"]
[SourceQuality "1"]

1. Nf3 d5 2. d4 e6 3. c4 Nf6 4. g3 c5 5. Bg2 Nc6 6. cxd5 Nxd5 7. 0-0 Bd7 8. e4 Nf6 9. d5 Ne7 10. Nc3 Ng6 11. Qb3 Qc7 12. Nd2 Ne5 13. Nc4 Nxc4 14. Qxc4 Rb8 15. a4 a6 16. e5 Nxd5 17. Nxd5 exd5 18. Bxd5 Bc6 19. Bg5 Bxd5 20. Qxd5 Be7 21. e6 Bxg5 22. exf7+ Kf8 23. Qxg5 Kxf7 24. Qd5+ Kg6 25. Qe6+ Kh5 26. g4+ Kh4 27. Qf5 g6 28. Qf6+ Kh3 29. Qf3+ Kh4 30. Qf6+ Kh3 31. Ra3+ Kxg4 32. Rg3+ Qxg3+ 33. fxg3 1-0